Solution of problems in mechanics of machines: applied dynamics and mechanisms - Vol. 3 / (Record no. 1583)

000 -LEADER
fixed length control field 00466nam a2200145 4500
008 - FIXED-LENGTH DATA ELEMENTS--GENERAL INFORMATION
fixed length control field 200127b ||||| |||| 00| 0 eng d
082 00 - DEWEY DECIMAL CLASSIFICATION NUMBER
Classification number 621.811076
Item number A6371
100 ## - MAIN ENTRY--PERSONAL NAME
9 (RLIN) 752
Personal name Anvoner, S.
245 10 - TITLE STATEMENT
Title Solution of problems in mechanics of machines: applied dynamics and mechanisms - Vol. 3 /
250 ## - EDITION STATEMENT
Edition statement Metric edition
260 ## - PUBLICATION, DISTRIBUTION, ETC. (IMPRINT)
Place of publication, distribution, etc London
Name of publisher, distributor, etc Pitman Publishing
Date of publication, distribution, etc 1974
300 ## - PHYSICAL DESCRIPTION
Extent viii, 267 p.
650 #0 - SUBJECT ADDED ENTRY--TOPICAL TERM
Topical term or geographic name as entry element Mechanical Engineering
942 ## - ADDED ENTRY ELEMENTS (KOHA)
Source of classification or shelving scheme
Item type Books
Holdings
Withdrawn status Lost status Source of classification or shelving scheme Damaged status Not for loan Permanent location Current location Date acquired Full call number Barcode Date last seen Koha item type
          IMU Kolkata IMU Kolkata 2020-01-27 621.811076 A6371 04488 2020-01-27 Books
Designed and Maintained by IMU-KC Library, Kolkata Campus © Copyright All Rights Reserved

webs counters

Powered by Koha